100 Histórias do meu crescer (Registo nº 3946)

Detalhes MARC
000 -Etiqueta do registo
Cabeçalho 00844nam a2200277 4500
005 - Identificador da versão
Campo de controlo 20240813122049.0
010 ## - Número internacional normalizado dos livros (ISBN)
Número (ISBN) 9724135799
021 ## - Número do Depósito Legal
Código do país PT
Número 199547/03
100 ## - Dados gerais de processamento
Dados gerais de processamento 20050616d2004 c y0pory5003 ba
102 ## - Pais de publicação ou produção
País de publicação Portugal
101 0# - Língua de publicação
Língua do texto, banda sonora, etc. Português
106 ## - Campo de dados codificados: material textual
Dados codificados do material textual r
105 ## - Campo de dados codificados: livros
Dados codificados dos livros a z 001fy
215 ## - Descrição física 
Indicação específica da natureza do documento e extensão da espécie 204, [4] p.
Outras indicações físicas il.
Dimensões 30 cm
200 1# - Titulo e menção de responsabilidade
Título próprio 100 Histórias do meu crescer
Informação de outro título imaginação à solta em histórias de espantar para todas as idades
Primeira menção de responsabilidade Alexandre Honrado
Outras menções de responsabilidade il. António Albuquerque
205 ## - Menção da edição
Menção da edição 1ª ed
210 ## - Publicação, Distribuição, etc. 
Lugar da edição, distribuição, etc. Porto
Nome do editor, distribuidor, etc. Asa
Data da publicação, distribuição, etc. 2004
675 ## - Classificação Decimal Universal (CDU)
Notação 087.5
Edição BN
Língua da edição por
Notação 821.134.3-93"19"
Edição BN
Língua da edição por
Notação 821.134.3-34"19"
Edição BN
Língua da edição por
702 #1 - Nome de autor-pessoa física (responsabilidade secundária)
Número de registo de entrada de autoridade 0000426
Palavra de ordem Albuquerque
Outra parte do nome não tomada para palavra de ordem António
Datas 1957-
Código de função Ilustrador / Técnico de desenho computorizado
700 #1 - Nome de autor-pessoa física (responsabilidade principal)
Número de registo de entrada de autoridade 0000423
Palavra de ordem Honrado
Outra parte do nome não tomada para palavra de ordem Alexandre
Datas 1960-
942 ## - Elementos de entrada adicionados (Koha)
Tipo de item no Koha Livro
Exemplares
Situação do levantamento Origin of item (home branch) (coded) Biblioteca de empréstimo Código de barras Cota Circulation type (not for loan) Tipo de documento Nota do exemplar Damaged status
  Biblioteca Escolar das Vendas Biblioteca Escolar das Vendas BEV995 8POR HON   Livro Sem mensagem